Quiz o Grecji - Statystyki

Ogólne statystyki
  • Ten quiz został rozwiązany 34 razy
  • Średni wynik to 5 z 9
Statystyki odpowiedzi
podpowiedź odpowiedź % Poprawnych
Stolica Ateny
100%
Jezyki urzędowe Grecki/ Nowogrecki
100%
Waluta Euro
93%
Sąsiedzi Albania/ Macedonia Północna/ Bułgaria/ Turcja
90%
Największa wyspa Kreta
72%
Dostęp do jakiego morza ma Morze Śródziemne
34%
Ilość wysp 2500
28%
Najdłuższa rzeka Aliakmon
10%
W którym roku wstąpiła do NATO 1952 rok
7%
Nie znaleziono quizów pasujących do podanych kryteriów
Rozkład punktacji
Procent ludzi z każdym wynikiem
Percentyl według liczby udzielonych odpowiedzi
Twoja historia wyników
Nie rozwiązałeś tego quizu